<?xml version="1.0" encoding="UTF-8"?>
<collection xmlns="http://www.loc.gov/MARC21/slim">
 <record>
  <leader>02021cam a2200277   4500</leader>
  <controlfield tag="001">1/31927</controlfield>
  <controlfield tag="008">070116s2003    gr            10110 gre d</controlfield>
  <datafield tag="020" ind1=" " ind2=" ">
   <subfield code="a">9608776414</subfield>
  </datafield>
  <datafield tag="035" ind1=" " ind2=" ">
   <subfield code="l">34262</subfield>
  </datafield>
  <datafield tag="040" ind1=" " ind2=" ">
   <subfield code="a">GR-PeUP</subfield>
  </datafield>
  <datafield tag="082" ind1="0" ind2="0">
   <subfield code="a">027.7 ΠΑΝ</subfield>
  </datafield>
  <datafield tag="111" ind1="2" ind2=" ">
   <subfield code="a">Πανελλήνιο Συνέδριο Ακαδημαϊκών Βιβλιοθηκών</subfield>
   <subfield code="n">(11ο :</subfield>
   <subfield code="d">2003:</subfield>
   <subfield code="c">Λάρισα, Ελλάς)</subfield>
  </datafield>
  <datafield tag="245" ind1="1" ind2="0">
   <subfield code="a">Ακαδημαϊκές βιβλιοθήκες ανοικτής και συνεχούς πρόσβασης :</subfield>
   <subfield code="b">πρακτικά του 11ου Πανελληνίου Συνεδρίου Ακαδημαϊκών Βιβλιοθηκών, Λάρισα, 6, 7 &amp; 8 Νοεμβρίου 2002 = Academic libraries of open and continuous access : proceedings of the 11th Panhellenic Conference of Academic Libraries, Larissa, 6, 7 &amp; 8 November 2002 /</subfield>
   <subfield code="c">επιμέλεια και διορθώσεις Καλλιόπη Σιώκη.</subfield>
  </datafield>
  <datafield tag="246" ind1="1" ind2="0">
   <subfield code="a">Academic libraries of open and continuous access :</subfield>
   <subfield code="b">proceedings of the 11th Panhellenic Conference of Academic Libraries, Larissa, 6, 7 &amp; 8 November 2002.</subfield>
  </datafield>
  <datafield tag="260" ind1=" " ind2=" ">
   <subfield code="a">Αθήνα :</subfield>
   <subfield code="b">ΤΕΙ Λάρισας,</subfield>
   <subfield code="c">2003.</subfield>
  </datafield>
  <datafield tag="300" ind1=" " ind2=" ">
   <subfield code="a">448 σ. :</subfield>
   <subfield code="b">εικ. ;</subfield>
   <subfield code="c">25 εκ.</subfield>
  </datafield>
  <datafield tag="500" ind1=" " ind2=" ">
   <subfield code="a">Περιέχει ελληνικό και αγγλικό κείμενο.</subfield>
  </datafield>
  <datafield tag="504" ind1=" " ind2=" ">
   <subfield code="a">Περιέχει βιβλιογραφικές αναφορές και ευρετήρια.</subfield>
  </datafield>
  <datafield tag="650" ind1=" " ind2="0">
   <subfield code="a">Academic libraries</subfield>
   <subfield code="z">Greece</subfield>
   <subfield code="x">Congesses.</subfield>
  </datafield>
  <datafield tag="650" ind1=" " ind2="4">
   <subfield code="a">Βιβλιοθηκονομία</subfield>
   <subfield code="z">Ελλάδα</subfield>
   <subfield code="x">Συνέδρια.</subfield>
  </datafield>
  <datafield tag="650" ind1=" " ind2="4">
   <subfield code="a">Βιβλιοθήκες, Ακαδημαϊκές</subfield>
   <subfield code="z">Ελλάδα</subfield>
   <subfield code="x">Συνέδρια.</subfield>
  </datafield>
  <datafield tag="650" ind1=" " ind2="4">
   <subfield code="a">Βιβλιοθήκες</subfield>
   <subfield code="x">Αυτοματισμός</subfield>
   <subfield code="z">Ελλάδα.</subfield>
  </datafield>
  <datafield tag="700" ind1="1" ind2=" ">
   <subfield code="a">Σιώκη, Καλλιόπη.</subfield>
  </datafield>
  <datafield tag="852" ind1=" " ind2=" ">
   <subfield code="a">INST</subfield>
   <subfield code="b">UNIPILB</subfield>
   <subfield code="c">MAIN</subfield>
   <subfield code="e">20070413</subfield>
   <subfield code="h">027.7 ΠΑΝ</subfield>
   <subfield code="p">00152419</subfield>
   <subfield code="q">00152419</subfield>
   <subfield code="t">LOAN</subfield>
   <subfield code="y">0</subfield>
   <subfield code="4">1</subfield>
  </datafield>
  <datafield tag="852" ind1=" " ind2=" ">
   <subfield code="a">INST</subfield>
   <subfield code="b">UNIPILB</subfield>
   <subfield code="c">MAIN</subfield>
   <subfield code="e">20210701</subfield>
   <subfield code="h">027.7 ΠΑΝ</subfield>
   <subfield code="p">00184340</subfield>
   <subfield code="q">00184340</subfield>
   <subfield code="t">LOAN</subfield>
   <subfield code="y">0</subfield>
   <subfield code="4">2</subfield>
  </datafield>
  <datafield tag="960" ind1=" " ind2=" ">
   <subfield code="a">ΑΛΜΠΑΝΗ ΤΑΝΙΑ</subfield>
  </datafield>
 </record>
</collection>
